| 000 | 00372nam a2200157Ia 4500 | ||
|---|---|---|---|
| 008 | 221030s9999 xx 000 0 und d | ||
| 020 | _a8185749795 | ||
| 041 | _aEnglish | ||
| 082 | _a105.23 | ||
| 100 | _aP. S. Gill | ||
| 245 | 0 | _aText book of Machine Drawing | |
| 260 |
_bS.K Kataria & Sons _aNew Delhi _c2006 |
||
| 300 | _a709 | ||
| 650 | _aBB Mechanics | ||
| 942 | _cBK | ||
| 999 |
_c3985 _d3985 |
||